000 00927cam a22003013a 4500
001 1794
003 PGUSA
005 20140828083006.0
008 990601s1999||||xxu|||||s|||||000 | eng d
040 _aPGUSA
_beng
042 _adc
050 4 _aPR
100 1 _aShakespeare, William,
_d1564-1616
245 1 0 _aKing Lear
_h[electronic resource] /
_cWilliam Shakespeare
260 _bProject Gutenberg,
_c1999
506 _aCopyrighted. Read the copyright notice inside this book for details.
516 _aElectronic text
653 _aAging parents -- Drama
653 _aFathers and daughters -- Drama
653 _aTragedies
653 _aLear, King (Legendary character) -- Drama
653 _aInheritance and succession -- Drama
653 _aKings and rulers -- Drama
653 _aBritons -- Drama
830 0 _aProject Gutenberg
_v1794
856 4 0 _uhttp://www.gutenberg.org/ebooks/1794
942 _cEB
999 _c231137
_d231137